[Event "English Online Blitz Gp2"]
[Site "Chess.com INT"]
[Date "2020.05.09"]
[Round "10"]
[White "Taylor, Adam C"]
[Black "Roberson, Peter T"]
[Result "0-1"]
[WhiteElo "2347"]
[BlackElo "2437"]
[PlyCount "54"]
[EventDate "2020.05.09"]
[EventType "swiss (blitz)"]
[EventRounds "11"]
[EventCountry "ENG"]
[SourceTitle "CBM 196 Extra"]
[Source "ChessBase"]
[SourceDate "2020.07.31"]
[SourceVersion "1"]
[SourceVersionDate "2020.07.31"]
[SourceQuality "1"]

1. d4 Nf6 2. c4 e6 3. Nc3 Bb4 4. e3 0-0 5. Bd3 d5 6. Nf3 c5 7. 0-0 cxd4 8. exd4 dxc4 9. Bxc4 b6 10. Bg5 Bb7 11. Ne5 Nbd7 12. Nxd7 Qxd7 13. Bxf6 gxf6 14. Bd3 f5 15. Qh5 Qxd4 16. Ne2 Qg7 17. g3 Rfd8 18. Rfd1 Rd7 19. Bc4 Rad8 20. Rxd7 Rxd7 21. Nf4 Rd4 22. Bxe6 Rxf4 23. Bxf7+ Kh8 24. Be6 Re4 25. Bxf5 Re5 26. g4 Be4 27. Re1 Bxe1 0-1

[Event "London Classic op 11th"]
[Site "London"]
[Date "2019.12.03"]
[Round "6"]
[White "Taylor, Adam C"]
[Black "Russell, Christopher"]
[Result "1/2-1/2"]
[WhiteElo "2371"]
[BlackElo "2190"]
[PlyCount "72"]
[EventDate "2019.11.29"]
[EventType "swiss"]
[EventRounds "9"]
[EventCountry "ENG"]
[SourceTitle "CBM 193 Extra"]
[Source "ChessBase"]
[SourceDate "2020.01.31"]
[SourceVersion "1"]
[SourceVersionDate "2020.01.31"]
[SourceQuality "1"]

1. Nf3 Nf6 2. c4 e6 3. g3 d5 4. Bg2 Be7 5. 0-0 0-0 6. b3 b6 7. Bb2 c5 8. e3 Nbd7 9. Nc3 Ba6 10. Qe2 h6 11. Rfd1 Qc8 12. Rac1 Rd8 13. d4 dxc4 14. bxc4 cxd4 15. Nxd4 Bb7 16. Nd5 exd5 17. Nf5 Bc5 18. cxd5 Qb8 19. e4 Re8 20. Qf3 Ne5 21. Nxh6+ Kf8 22. Qf4 Neg4 23. Nxg4 Qxf4 24. gxf4 Nxg4 25. Rd2 Nf6 26. e5 Nh5 27. f5 Nf4 28. Bf3 Rad8 29. Rcd1 Nh3+ 30. Kg2 Ng5 31. h4 Nxf3 32. Kxf3 Rd7 33. Ke4 Bb4 34. Rd4 Bc5 35. R4d2 Bb4 36. Rd4 Bc5 1/2-1/2

[Event "London Classic op 11th"]
[Site "London"]
[Date "2019.12.02"]
[Round "5"]
[White "Pasztor, Balazs"]
[Black "Taylor, Adam C"]
[Result "0-1"]
[WhiteElo "2166"]
[BlackElo "2371"]
[PlyCount "116"]
[EventDate "2019.11.29"]
[EventType "swiss"]
[EventRounds "9"]
[EventCountry "ENG"]
[SourceTitle "CBM 193 Extra"]
[Source "ChessBase"]
[SourceDate "2020.01.31"]
[SourceVersion "1"]
[SourceVersionDate "2020.01.31"]
[SourceQuality "1"]

1. e4 e5 2. Nf3 Nc6 3. Bc4 Bc5 4. c3 Nf6 5. d3 0-0 6. Bb3 h6 7. 0-0 d6 8. Nbd2 a5 9. h3 Bd7 10. Re1 a4 11. Bc2 Qb8 12. Nf1 Qa7 13. Be3 Bxe3 14. Nxe3 Ne7 15. Qd2 Ng6 16. Rad1 Rfe8 17. Nf5 Qb6 18. Bb1 d5 19. Ne3 c6 20. exd5 cxd5 21. d4 e4 22. Nh2 Qc7 23. f3 Ra5 24. fxe4 dxe4 25. d5 Qg3 26. c4 Rc5 27. Qf2 Qxf2+ 28. Kxf2 b5 29. b4 axb3 30. axb3 bxc4 31. bxc4 Ne5 32. Rd4 Rec8 33. Bxe4 Nxe4+ 34. Rxe4 Nd3+ 35. Ke2 Nxe1 36. Kxe1 f5 37. Re7 f4 38. Rxd7 fxe3 39. Re7 Rxc4 40. Rxe3 Rc1+ 41. Kf2 Rd1 42. Re2 Rxd5 43. Nf3 Kh7 44. Kg3 Rdc5 45. Re4 Rc4 46. Re3 Rc2 47. Kh2 R8c3 48. Rxc3 Rxc3 49. Kg3 Ra3 50. Kg4 Kg6 51. Ne5+ Kf6 52. Nf3 Ra4+ 53. Kg3 Kf5 54. Nh2 Ra3+ 55. Nf3 Rc3 56. h4 Ra3 57. h5 Rc3 58. Kh4 Rxf3 0-1

[Event "GBR-ch KO qual"]
[Site "London"]
[Date "2019.11.30"]
[Round "6"]
[White "Fernandez, Daniel Howard"]
[Black "Taylor, Adam C"]
[Result "0-1"]
[WhiteElo "2444"]
[BlackElo "2371"]
[PlyCount "88"]
[EventDate "2019.11.30"]
[EventType "swiss (rapid)"]
[EventRounds "9"]
[EventCountry "ENG"]
[SourceTitle "CBM 193 Extra"]
[Source "ChessBase"]
[SourceDate "2020.01.31"]
[SourceVersion "1"]
[SourceVersionDate "2020.01.31"]
[SourceQuality "1"]

1. g3 d5 2. Bg2 g6 3. c4 dxc4 4. Na3 Bg7 5. Nxc4 e5 6. d3 Ne7 7. Nf3 Nbc6 8. Bd2 0-0 9. Qc1 Be6 10. h4 h5 11. Bh6 Bxh6 12. Qxh6 Nf5 13. Qg5 Bxc4 14. dxc4 e4 15. Qxd8 Raxd8 16. Ng5 e3 17. Be4 Ncd4 18. Rc1 Rfe8 19. Rc3 exf2+ 20. Kxf2 f6 21. Bxf5 Rxe2+ 22. Kf1 gxf5 23. Nf3 Rxb2 24. Rd3 c5 25. Rh2 Rb1+ 26. Kg2 Kf7 27. Kh3 Nxf3 28. Rxf3 Kg6 29. Ra3 Rc1 30. Rb2 b6 31. Rxa7 Rd3 32. Ra6 f4 33. Rbxb6 Rxg3+ 34. Kh2 Rc2+ 35. Kh1 Kf5 36. Rb1 Kg4 37. Rab6 Kh3 38. R6b2 Rgc3 39. Rxc2 Rxc2 40. Rb3+ Kg4 41. a4 f3 42. Rb8 Rxc4 43. Rg8+ Kh3 44. a5 f2 0-1

[Event "GBR-ch KO qual"]
[Site "London"]
[Date "2019.11.30"]
[Round "1"]
[White "Taylor, Adam C"]
[Black "Harvey, Marcus Ross"]
[Result "0-1"]
[WhiteElo "2371"]
[BlackElo "2405"]
[PlyCount "116"]
[EventDate "2019.11.30"]
[EventType "swiss (rapid)"]
[EventRounds "9"]
[EventCountry "ENG"]
[SourceTitle "CBM 193 Extra"]
[Source "ChessBase"]
[SourceDate "2020.01.31"]
[SourceVersion "1"]
[SourceVersionDate "2020.01.31"]
[SourceQuality "1"]

1. Nf3 Nf6 2. c4 b6 3. g3 Bb7 4. Bg2 e6 5. 0-0 c5 6. Nc3 Be7 7. b3 d5 8. cxd5 Nxd5 9. Nxd5 Bxd5 10. Bb2 0-0 11. Qc2 Nd7 12. Rfd1 Rc8 13. Rac1 Bf6 14. h4 Bxb2 15. Qxb2 Qf6 16. Qxf6 Nxf6 17. d4 c4 18. bxc4 Bxc4 19. Rd2 Ba6 20. Rdc2 Rxc2 21. Rxc2 Rc8 22. Rxc8+ Bxc8 23. Ne5 Kf8 24. g4 h6 25. g5 hxg5 26. hxg5 Nd7 27. Nc6 a5 28. f4 Ba6 29. Kf2 Bc4 30. a3 Bd5 31. Bxd5 exd5 32. Na7 Ke7 33. Kf3 Ke6 34. Nb5 g6 35. e3 f6 36. gxf6 Nxf6 37. Nc3 Kd6 38. a4 Kc6 39. Nb5 Ne4 40. Na7+ Kd7 41. Nb5 Nd6 42. Nc3 Kc6 43. Kg4 b5 44. axb5+ Nxb5 45. Na4 Nd6 46. Kg5 Kb5 47. Nb2 Nc4 48. Nd3 Nxe3 49. Kxg6 Kc4 50. Ne5+ Kc3 51. Nc6 a4 52. Na7 Kc4 53. f5 Nxf5 54. Kxf5 a3 55. Nc6 a2 56. Ke5 a1Q 57. Ne7 Qxd4+ 58. Kd6 Qf6+ 0-1

[Event "Welsh Masters 1st"]
[Site "Bridgend"]
[Date "2019.08.27"]
[Round "3"]
[White "Taylor, Adam C"]
[Black "Turner, Matthew"]
[Result "1/2-1/2"]
[WhiteElo "2402"]
[BlackElo "2519"]
[PlyCount "34"]
[EventDate "2019.08.26"]
[EventType "tourn"]
[EventRounds "9"]
[EventCountry "WLS"]
[EventCategory "1"]
[SourceTitle "EXT 2020"]
[Source "ChessBase"]
[SourceDate "2019.10.17"]
[SourceVersion "1"]
[SourceVersionDate "2019.10.17"]
[SourceQuality "1"]

1. Nf3 Nf6 2. c4 c5 3. g3 g6 4. Bg2 Bg7 5. Nc3 Nc6 6. 0-0 d6 7. e3 0-0 8. Qe2 Bf5 9. h3 Rb8 10. d4 Ne4 11. Nd5 Bd7 12. Rd1 Qc8 13. Kh2 Re8 14. Ne1 Nf6 15. Nxf6+ Bxf6 16. dxc5 dxc5 17. Nd3 Ne5 1/2-1/2

[Event "BCF-chT1c 1819 (4NCL) Promotion pool"]
[Site "England"]
[Date "2019.05.05"]
[Round "10.24"]
[White "Erdos, Viktor"]
[Black "Taylor, Adam C"]
[Result "1-0"]
[WhiteElo "2603"]
[BlackElo "2393"]
[PlyCount "81"]
[EventDate "2018.11.10"]
[EventType "team-tourn"]
[EventRounds "11"]
[EventCountry "ENG"]
[SourceTitle "CBM 190 Extra"]
[Source "ChessBase"]
[SourceDate "2019.07.15"]
[SourceVersion "1"]
[SourceVersionDate "2019.07.15"]
[SourceQuality "1"]
[WhiteTeam "Manx Liberty"]
[BlackTeam "Wood Green"]
[WhiteTeamCountry "ENG"]
[BlackTeamCountry "ENG"]

1. Nf3 Nf6 2. c4 e6 3. d4 d5 4. Bg5 Be7 5. Nc3 0-0 6. e3 Nbd7 7. Rc1 Re8 8. Bd3 a6 9. c5 c6 10. h3 Nh5 11. Bxe7 Qxe7 12. 0-0 f5 13. Ne5 Nhf6 14. f4 Nxe5 15. fxe5 Nd7 16. Na4 Rb8 17. Rc2 Qg5 18. Qf3 b6 19. cxb6 Nxb6 20. Nc5 Nd7 21. Nb3 Rb6 22. Qf4 Qxf4 23. exf4 Bb7 24. Kf2 Ba8 25. Ke3 Reb8 26. Rff2 Rb4 27. Rfd2 Kf7 28. g3 g6 29. Be2 R4b6 30. Na5 Rc8 31. a3 Rg8 32. b4 g5 33. g4 fxg4 34. hxg4 gxf4+ 35. Kxf4 Nf8 36. Bd3 Rg7 37. Rh2 Ng6+ 38. Ke3 Kg8 39. Rcf2 Bb7 40. Rf6 Bc8 41. Rhf2 1-0

[Event "BCF-chT1c 1819 (4NCL) Promotion pool"]
[Site "England"]
[Date "2019.03.17"]
[Round "8.23"]
[White "Taylor, Adam C"]
[Black "Bates, Richard"]
[Result "1/2-1/2"]
[WhiteElo "2393"]
[BlackElo "2347"]
[PlyCount "110"]
[EventDate "2018.11.10"]
[EventType "team-tourn"]
[EventRounds "11"]
[EventCountry "ENG"]
[SourceTitle "CBM 189 Extra"]
[Source "ChessBase"]
[SourceDate "2019.06.03"]
[SourceVersion "1"]
[SourceVersionDate "2019.06.03"]
[SourceQuality "1"]
[WhiteTeam "Wood Green"]
[BlackTeam "Blackthorne Russia"]
[WhiteTeamCountry "ENG"]
[BlackTeamCountry "ENG"]

1. Nf3 Nf6 2. g3 e6 3. Bg2 d5 4. 0-0 Be7 5. c4 0-0 6. b3 b6 7. cxd5 Nxd5 8. e4 Nf6 9. Nc3 Bb7 10. Qc2 c5 11. Bb2 Nc6 12. e5 Nd5 13. Nxd5 Qxd5 14. Ng5 Qxg2+ 15. Kxg2 Nb4+ 16. Qe4 Bxe4+ 17. Nxe4 Nd3 18. Rab1 Rac8 19. f4 Rfd8 20. Nf2 b5 21. h4 h5 22. Nxd3 Rxd3 23. Bc1 b4 24. Rb2 Kh7 25. Rf3 Rcd8 26. Re3 Kg6 27. Kf3 Kf5 28. Rc2 a5 29. Rc4 R8d4 30. Bb2 Rxc4 31. Rxd3 Rc2 32. Rd7 Rxb2 33. Rxe7 Kg6 34. g4 hxg4+ 35. Kxg4 Rxa2 36. h5+ Kh7 37. Rxf7 Rxd2 38. Ra7 Rg2+ 39. Kh4 Rh2+ 40. Kg4 Rg2+ 41. Kh4 Ra2 42. Rc7 a4 43. bxa4 b3 44. Rxc5 Rxa4 45. Rb5 Rxf4+ 46. Kg3 Rf5 47. Rxb3 Rxe5 48. Rb6 Kh6 49. Kg4 Rg5+ 50. Kf4 Rf5+ 51. Kg4 Rg5+ 52. Kf4 Kxh5 53. Rxe6 Rg1 54. Kf3 Kh4 55. Re8 Rf1+ 1/2-1/2

[Event "Gibraltar Masters 17th"]
[Site "Caleta"]
[Date "2019.01.29"]
[Round "8"]
[White "Kunin, Vitaly L"]
[Black "Taylor, Adam C"]
[Result "1-0"]
[WhiteElo "2544"]
[BlackElo "2356"]
[PlyCount "79"]
[EventDate "2019.01.22"]
[EventType "swiss"]
[EventRounds "10"]
[EventCountry "GGB"]
[SourceTitle "CBM 188 Extra"]
[Source "ChessBase"]
[SourceDate "2019.02.26"]
[SourceVersion "1"]
[SourceVersionDate "2019.02.26"]
[SourceQuality "1"]

1. Nf3 Nf6 2. g3 d5 3. Bg2 e6 4. 0-0 Be7 5. c4 0-0 6. d3 c5 7. Nbd2 Nc6 8. e3 d4 9. exd4 cxd4 10. Re1 Ne8 11. Ne5 Nxe5 12. Rxe5 f6 13. Re1 e5 14. Nf1 Rb8 15. f4 Bd6 16. Qe2 b6 17. a3 Bb7 18. f5 Bxg2 19. Qxg2 b5 20. Nd2 bxc4 21. Nxc4 Be7 22. Re4 Qd7 23. Qh3 g6 24. Rh4 h5 25. Bh6 Qxf5 26. Qxf5 gxf5 27. Bxf8 Bxf8 28. Rxh5 Ng7 29. Rh6 Ne8 30. Rh3 Rb3 31. g4 fxg4 32. Rg3 Kf7 33. Rf1 Ke6 34. Rxg4 Rxd3 35. Nxe5 fxe5 36. Rxf8 Nd6 37. Rg6+ Ke7 38. Ra8 Rd1+ 39. Kf2 Rd2+ 40. Ke1 1-0

[Event "Gibraltar Masters 17th"]
[Site "Caleta"]
[Date "2019.01.26"]
[Round "5"]
[White "Taylor, Adam C"]
[Black "Stefanova, Antoaneta"]
[Result "0-1"]
[WhiteElo "2356"]
[BlackElo "2486"]
[PlyCount "70"]
[EventDate "2019.01.22"]
[EventType "swiss"]
[EventRounds "10"]
[EventCountry "GGB"]
[SourceTitle "CBM 188 Extra"]
[Source "ChessBase"]
[SourceDate "2019.02.26"]
[SourceVersion "1"]
[SourceVersionDate "2019.02.26"]
[SourceQuality "1"]

1. c4 e6 2. Nf3 d5 3. d4 c6 4. g3 dxc4 5. Bg2 b5 6. 0-0 Bb7 7. a4 a6 8. b3 cxb3 9. Qxb3 Nf6 10. Nc3 Be7 11. Rd1 0-0 12. Ne5 Qc8 13. axb5 cxb5 14. Nxb5 Bxg2 15. Kxg2 Nc6 16. Na3 Nxe5 17. dxe5 Rb8 18. Qf3 Nd5 19. Rd4 f6 20. Rc4 Qd7 21. Nc2 fxe5 22. Qe4 Qb5 23. Ne3 a5 24. h4 Bb4 25. Qg4 Rbe8 26. h5 Qb7 27. Qe4 Qf7 28. Ng4 Qxh5 29. Bb2 Nf4+ 30. Kf1 Qh3+ 31. Kg1 Qxg4 32. Qxe5 Nxe2+ 33. Kf1 Nxg3+ 34. Kg1 Ne4+ 35. Kh1 Qg5 0-1

[Event "Hastings Masters op 94th"]
[Site "Hastings"]
[Date "2019.01.05"]
[Round "9"]
[White "Taylor, Adam C"]
[Black "Rice, Christopher"]
[Result "1-0"]
[WhiteElo "2356"]
[BlackElo "1998"]
[PlyCount "107"]
[EventDate "2018.12.28"]
[EventType "swiss"]
[EventRounds "10"]
[EventCountry "ENG"]
[SourceTitle "CBM 188 Extra"]
[Source "ChessBase"]
[SourceDate "2019.02.26"]
[SourceVersion "1"]
[SourceVersionDate "2019.02.26"]
[SourceQuality "1"]

1. g3 Nf6 2. Nf3 g6 3. c4 Bg7 4. Nc3 0-0 5. Bg2 d6 6. d4 Nc6 7. d5 Na5 8. Nd2 c5 9. a3 Nd7 10. Qc2 Ne5 11. b3 a6 12. Rb1 Qc7 13. f4 Ng4 14. Qd3 Bd4 15. Nd1 b5 16. Bb2 Bxb2 17. Nxb2 Bd7 18. 0-0 Rab8 19. h3 Nf6 20. Qc3 b4 21. axb4 cxb4 22. Qd4 Nb7 23. Nd3 a5 24. e4 Nc5 25. Nxc5 dxc5 26. Qe3 a4 27. e5 Nh5 28. g4 Ng7 29. bxa4 Bxa4 30. Ra1 Bc2 31. Nb3 Bxb3 32. Qxb3 f6 33. Qe3 Qb6 34. d6 exd6 35. Bd5+ Kh8 36. exf6 Rxf6 37. f5 gxf5 38. g5 Rg6 39. Bf7 Rf8 40. h4 Qd8 41. Ra7 Rxf7 42. Rxf7 h6 43. Ra1 hxg5 44. h5 Re6 45. Qf3 g4 46. Ra8 Re1+ 47. Kf2 Re2+ 48. Kf1 gxf3 49. Rxd8+ Kh7 50. Rdd7 Rg2 51. Rxd6 Kg8 52. Rb7 b3 53. h6 b2 54. hxg7 1-0

[Event "London Classic op 10th"]
[Site "London"]
[Date "2018.12.15"]
[Round "7"]
[White "Taylor, Adam C"]
[Black "Burrows, Martin P"]
[Result "1-0"]
[WhiteElo "2331"]
[BlackElo "2134"]
[PlyCount "77"]
[EventDate "2018.12.09"]
[EventType "swiss"]
[EventRounds "9"]
[EventCountry "ENG"]
[SourceTitle "CBM 187 Extra"]
[Source "ChessBase"]
[SourceDate "2018.11.04"]
[SourceVersion "1"]
[SourceVersionDate "2018.11.04"]
[SourceQuality "1"]

1. g3 e5 2. c4 Nc6 3. Nc3 f5 4. Nf3 Nf6 5. d4 e4 6. Nh4 d5 7. Bg5 Be7 8. Ng2 dxc4 9. e3 Be6 10. Nf4 Bf7 11. Qa4 0-0 12. Bxc4 Qc8 13. Rc1 h6 14. Bxf6 Bxf6 15. Ncd5 Bd8 16. Ng6 Re8 17. Ndf4 Qd7 18. Bxf7+ Qxf7 19. Rxc6 bxc6 20. Ne5 Qf6 21. 0-0 Be7 22. Rc1 Bd6 23. Rxc6 Kh7 24. Qc4 Qf8 25. Qd5 Bxe5 26. dxe5 Rad8 27. Qa5 Qe7 28. e6 Rd1+ 29. Kg2 Qf6 30. Rxc7 Qxb2 31. Qxf5+ Kh8 32. Ng6+ Kg8 33. Qf7+ Kh7 34. Qxe8 Qa1 35. e7 Rg1+ 36. Kh3 Qf1+ 37. Kh4 Rh1 38. Qh8+ Kxg6 39. e8Q+ 1-0

[Event "London Classic op 10th"]
[Site "London"]
[Date "2018.12.13"]
[Round "5"]
[White "Taylor, Adam C"]
[Black "Johnson, Daniel"]
[Result "1-0"]
[WhiteElo "2331"]
[BlackElo "2111"]
[PlyCount "97"]
[EventDate "2018.12.09"]
[EventType "swiss"]
[EventRounds "9"]
[EventCountry "ENG"]
[SourceTitle "CBM 187 Extra"]
[Source "ChessBase"]
[SourceDate "2018.11.04"]
[SourceVersion "1"]
[SourceVersionDate "2018.11.04"]
[SourceQuality "1"]

1. e4 c5 2. Nc3 e6 3. f4 a6 4. Nf3 d5 5. d3 dxe4 6. dxe4 Qxd1+ 7. Nxd1 b6 8. Nf2 Bb7 9. Bd3 Nf6 10. e5 Nfd7 11. Be3 Be7 12. Be4 Nc6 13. 0-0-0 0-0-0 14. h4 h6 15. c3 b5 16. h5 Nb6 17. Nd3 Nd5 18. Bxc5 Nxf4 19. Bb6 Nxd3+ 20. Bxd3 Rd7 21. Be4 Rxd1+ 22. Rxd1 Bd8 23. Bxd8 Rxd8 24. Rf1 Rd7 25. Bxc6 Bxc6 26. Nd4 Kc7 27. Rf4 Bd5 28. Rg4 f5 29. exf6 gxf6 30. Rg6 Rh7 31. Rxf6 Kd7 32. Rg6 Ke7 33. b3 Rf7 34. Rxh6 Rf1+ 35. Kb2 Rf2+ 36. Ka3 Rxg2 37. Rh7+ Kf6 38. Ra7 b4+ 39. Kxb4 Rxa2 40. h6 Rh2 41. Rxa6 Rxh6 42. c4 Ke5 43. cxd5 Kxd4 44. dxe6 Rh8 45. e7 Kd5 46. Ka5 Kc5 47. b4+ Kc4 48. b5 Rb8 49. Re6 1-0

[Event "EU-Cup 34th"]
[Site "Porto Carras"]
[Date "2018.10.18"]
[Round "7.3"]
[White "Taylor, Adam C"]
[Black "Nikolovski, Nikola"]
[Result "1/2-1/2"]
[WhiteElo "2321"]
[BlackElo "2369"]
[PlyCount "124"]
[EventDate "2018.10.12"]
[EventType "team-swiss"]
[EventRounds "7"]
[EventCountry "GRE"]
[SourceTitle "CBM 187"]
[Source "ChessBase"]
[SourceDate "2018.12.11"]
[SourceVersion "1"]
[SourceVersionDate "2018.12.11"]
[SourceQuality "1"]
[WhiteTeam "Wood Green"]
[BlackTeam "Gambit Asseco See"]
[WhiteTeamCountry "ENG"]
[BlackTeamCountry "MKD"]

1. Nf3 f5 2. d3 d6 3. e4 e5 4. Be3 Nc6 5. exf5 Bxf5 6. d4 e4 7. d5 Nce7 8. Nd4 Qd7 9. c4 Nf6 10. Nc3 g6 11. h3 h5 12. Qb3 Bg7 13. Qxb7 0-0 14. Qa6 Rfb8 15. Ncb5 Rb6 16. Qa3 Rbb8 17. Be2 a6 18. Nc3 Rb7 19. Rd1 Rf8 20. Rd2 Qe8 21. Qxa6 Bc8 22. Ncb5 Qf7 23. Ne6 Rb8 24. Qa7 Bxe6 25. dxe6 Qxe6 26. Nxc7 Qc8 27. Nb5 Nf5 28. Nxd6 Nxd6 29. Rxd6 Rxb2 30. Rd2 Rb1+ 31. Rd1 Rb2 32. Qa3 Rxe2+ 33. Kxe2 Qxc4+ 34. Ke1 Nd5 35. Rxd5 Qxd5 36. Qb3 Qxb3 37. axb3 Rb8 38. Kd2 Rxb3 39. Rc1 Rb2+ 40. Ke1 Rb4 41. Rc8+ Kf7 42. Rc7+ Kg8 43. Bd2 Ra4 44. Bc3 Bxc3+ 45. Rxc3 Kg7 46. Ke2 Kf6 47. Ke3 Kf5 48. Rc5+ Ke6 49. Rb5 Rc4 50. Kf4 e3+ 51. Kxe3 Kf6 52. Rd5 Ra4 53. Rd4 Ra6 54. Kf4 Rb6 55. Ra4 Rc6 56. Kg3 Rc3+ 57. Kh4 Rc6 58. f4 Rb6 59. Ra5 Rb4 60. Ra6+ Kg7 61. g4 hxg4 62. Kxg4 Rb5 1/2-1/2